000 00784nam a2200253Ia 4500
003 GCL
008 140319s9999 xx 000 0 ara d
040 _aGCL /
_cGCL
082 0 4 _a701.1
_bز د
100 1 _aزهير صاحب
245 1 0 _aدراسات فى بنية الفن /
_cزهير صاحب
700 1 _aنجم عبد حيدر
700 1 _aبلاسم محمد
250 _aالاولى
260 _aالقاهرة :
_bدار مكتبة الرائد العلمية ،
_c2004
300 _a352 ص ؛
_c24 سم
650 0 4 _aالفنون الجميلة
650 0 4 _aالفن
650 0 4 _aالفنون التشكيلية
650 0 4 _aالتذوق الفنى
650 0 4 _aالفن - تاريخ ونقد
650 0 4 _aالفن - فلسفة
942 _2ddc
_cBK
999 _c8360
_d8360